000 01072nam a2200313 a 4500
001 BRL_92
005 20190320210602.0
008 800223s1950 mx-a######---#000-0#spa-#
040 _aDLC
_cCU-S
_dDLC
041 _aspa
044 _amx
050 4 _aN6553
_b.E53 5 1950
100 1 _aIslas García, Luis
_922881
245 1 0 _aLas pinturas guadalupanas de Fernando Leal en el Tepeyac
_cLuis Islas García ; fotos de L. Islas García.
260 _aMéxico
_bEdiciones Mexicanas
_c1950
300 _a64 p.
_bil. (algunas a color), láminas
_c24 cm.
440 0 _aEnciclopedia mexicana de arte
_v5
_922882
500 _aLa biblioteca cuenta con 2 ejemplares
500 _aEstado físico: Ej.2 encuadernado, agosto 2014
500 _aEj.1 Au140. Ej.2 Au1822
600 1 4 _aLeal, Fernando
_d1896-1964
_922883
650 1 4 _aArte
_zMéxico
_922884
650 1 4 _aIglesias
_xDecoración y ornamentación
_zMéxico
_925
650 1 4 _apintura mural
_918016
650 1 4 _aPintores mexicanos
_94220
700 1 _aIslas García, L.
_eil.
_922885
902 _aGRL
942 _2lcc
_cB
999 _c8905
_d8905